000 00244nam a2200097Ia 4500
001 1205852
005 20251009141934.0
008 250824s9999 xx 000 0 und d
245 0 _aGENİŞ ZAMANLAR
_cAYŞE KULİN
260 _bEVEREST YAYINLARI
999 _c1205852
_d1205852